| 000 | 00644nam a2200217 a 4500 | ||
|---|---|---|---|
| 003 | MX-MxUPN | ||
| 005 | 20241001063853.0 | ||
| 008 | 991125s1938 mx r 000 0 spa d | ||
| 035 | _aUPN01000020682 | ||
| 040 |
_aMX-MxUPN _bspa _cMX-MxUPN |
||
| 041 | 0 | _aspa | |
| 050 | 1 | 4 |
_aHS3313 _bB3.4 |
| 100 | 1 |
_aBaden-Powell, Robert _951700 |
|
| 245 | 1 | 0 | _aEscultismo para muchachos |
| 260 |
_aMéxico : _bPolis, _c1938. |
||
| 300 | _a517 páginas | ||
| 650 | 4 |
_aEscuelas _xEjercicios y recreaciones _911124 |
|
| 650 | 4 |
_aExploradores _910041 |
|
| 710 | 2 |
_aInstituto Nacional de Pedagogía (México) _epropietario anterior _928088 |
|
| 942 |
_2lcc _cLIBRO |
||
| 999 |
_c20682 _d20682 |
||